KUYRUKLU YILDIZ ALTINDA BİR İZDİVAÇ (Record no. 1206386)

MARC details
000 -LEADER
sabit uzunluktaki kontrol alanı 00296nam a2200097Ia 4500
001 - KONTROL NUMARASI
kontrol alanı 1206386
005 - EN SON İŞLEMİN TARİH VE ZAMANI
kontrol alanı 20251017105312.0
008 - SABİT-UZUNLUKTA VERİ ÖĞELERİ--GENEL BİLGİ
sabit uzunluktaki kontrol alanı 250824s9999 xx 000 0 und d
245 #0 - ESER / YAZAR
ESER ADI KUYRUKLU YILDIZ ALTINDA BİR İZDİVAÇ
Yazar Adı HÜSEYİN RAHMİ GÜRPINAR
260 ## - YAYIN, DAĞITIM, VB.
YAYIN EVİ BİLGE KÜLTÜR SANAT YAYINLARI
Holdings
Düşüm durumu Kayıp durumu Sınıflandırma Kaynağı veya raf şeması Hasar Durumu Ödünç verilmez Ana kütüphane Geçerli Kütüphane Edinilen tarih Toplam ödünç verme sayısı Tam yer numarası Barkod Son görüntüleme tarihi Son ödünç verme tarihi Fiyatın geçerli olmaya başladığı tarih Koha materyal türü
    Dewey Ondalık Sınıflama     KONYA ATATÜRK ANADOLU LİSESİ KONYA ATATÜRK ANADOLU LİSESİ 24.08.2025 2 F-3 11011301 16.02.2026 02.02.2026 27.08.2025 Books